Taxpayers' satisfaction on government's civil work projects in Digos City / (Record no. 23496)
[ view plain ]
| 000 -LEADER | |
|---|---|
| fixed length control field | 00663nam a22001697a 4500 |
| 005 - DATE AND TIME OF LATEST TRANSACTION | |
| control field | 20250218113726.0 |
| 008 - FIXED-LENGTH DATA ELEMENTS--GENERAL INFORMATION | |
| fixed length control field | 250218b |||||||| |||| 00| 0 eng d |
| 082 ## - DEWEY DECIMAL CLASSIFICATION NUMBER | |
| Edition number | 2022 |
| Classification number | UT |
| 100 ## - MAIN ENTRY--PERSONAL NAME | |
| Personal name | Alquizola, Aljon |
| 9 (RLIN) | 65477 |
| 245 ## - TITLE STATEMENT | |
| Title | Taxpayers' satisfaction on government's civil work projects in Digos City / |
| Statement of responsibility, etc. | Aljon Alquizola, Jan Paulo D. Mortalla, and Fernando C. Dela Torre, Jr. |
| 260 ## - PUBLICATION, DISTRIBUTION, ETC. (IMPRINT) | |
| Place of publication, distribution, etc. | Digos City : |
| Name of publisher, distributor, etc. | UMDC, |
| Date of publication, distribution, etc. | ©August 2022. |
| 300 ## - PHYSICAL DESCRIPTION | |
| Extent | viii, 32 pages : |
| Other physical details | illustration (some colors) ; |
| Dimensions | 29 cm. |
| 500 ## - GENERAL NOTE | |
| General note | Includes references and appendices. |
| 700 ## - ADDED ENTRY--PERSONAL NAME | |
| Personal name | Mortalla, Jan Paulo D. |
| 9 (RLIN) | 65478 |
| 700 ## - ADDED ENTRY--PERSONAL NAME | |
| Personal name | Dela Torre, Fernando C. Jr. |
| 9 (RLIN) | 65479 |
| 942 ## - ADDED ENTRY ELEMENTS (KOHA) | |
| Source of classification or shelving scheme | Dewey Decimal Classification |
| Koha item type | Undergraduate Thesis |
| Withdrawn status | Lost status | Source of classification or shelving scheme | Damaged status | Not for loan | Home library | Current library | Date acquired | Total Checkouts | Full call number | Date last seen | Price effective from | Koha item type |
|---|---|---|---|---|---|---|---|---|---|---|---|---|
| Dewey Decimal Classification | UM Digos College - LIC | UM Digos College - LIC | 05/10/2024 | UT | 02/18/2025 | 02/18/2025 | Undergraduate Thesis |
